| 000 | 00525nam a22001817a 4500 | ||
|---|---|---|---|
| 003 | CEME | ||
| 005 | 20210628202154.0 | ||
| 008 | 210209b xxu||||| |||| 00| 0 eng d | ||
| 020 | _a0-415-31735-5 | ||
| 040 | _c. | ||
| 082 | _a621.3678 ARM | ||
| 100 |
_aArmand , N . A ,Polyakov , V. M _958580 |
||
| 245 | _aRadio propagation and remote sensing of the enviroment | ||
| 260 |
_aNEW YORK _bCRC PRESS _c2005 |
||
| 300 | _a440P | ||
| 650 |
_aRADIO WAVE PROPAGATION. EARTH SCIENCES -REMOTE SENSING _958581 |
||
| 942 |
_cBK _2ddc |
||
| 999 |
_c568746 _d568746 |
||